[Event "HUN-chT4 2223"]
[Site "Gyor"]
[Date "2022.10.09"]
[Round "1"]
[White "Balogh, Tibor"]
[Black "Kovacs, Dezso"]
[Result "0-1"]
[WhiteElo "1789"]
[BlackElo "1816"]
[PlyCount "182"]
[EventDate "2022.10.09"]
[EventType "team-tourn"]
[EventRounds "7"]
[EventCountry "HUN"]
[SourceTitle "EXT 2024"]
[Source "ChessBase"]
[SourceDate "2023.10.10"]
[SourceVersion "1"]
[SourceVersionDate "2023.10.10"]
[SourceQuality "1"]
[WhiteTeam "Gyor Szechenyi II"]
[BlackTeam "Sopron MAFC"]
[WhiteTeamCountry "HUN"]
[BlackTeamCountry "HUN"]

1. e4 c6 2. d4 d5 3. e5 e6 4. Nf3 Nd7 5. Be2 Ne7 6. 0-0 Ng6 7. Be3 Qb6 8. b3 c5 9. c3 Be7 10. Nbd2 a5 11. Rb1 0-0 12. Qc2 Qc7 13. Rfc1 b6 14. Bd3 Ba6 15. Bxa6 Rxa6 16. Qd3 Raa8 17. g3 a4 18. c4 axb3 19. axb3 Qb7 20. h4 h5 21. Qe2 Ra2 22. Bg5 cxd4 23. Bxe7 Nxe7 24. Nxd4 Rfa8 25. Qe3 Ng6 26. N2f3 dxc4 27. bxc4 R8a3 28. Rc3 Rxc3 29. Qxc3 Qc8 30. Nb5 Qc5 31. Qd4 Qxd4 32. Nbxd4 Ngxe5 33. Nxe5 Nxe5 34. Rxb6 Nxc4 35. Rb8+ Kh7 36. Rb7 Kg6 37. Nf3 f6 38. Rc7 Nd6 39. Nd4 e5 40. Ne6 Nf5 41. Kf1 Ra8 42. Nc5 Re8 43. Nd3 Rd8 44. Rc3 Rd7 45. Kg2 Rd4 46. f3 Ne3+ 47. Kh3 Nd5 48. Ra3 Kh6 49. Nc5 Rc4 50. Ne4 Rc6 51. Rd3 Ne7 52. Nd6 Kg6 53. Ne4 Nf5 54. Ra3 Nd4 55. Kg2 Rc2+ 56. Kf1 Rb2 57. Rc3 Rb3 58. Rxb3 Nxb3 59. Kf2 Nd4 60. Ke3 Ne6 61. Nf2 Nc5 62. Nh3 Kf5 63. Nf2 g5 64. hxg5 fxg5 65. g4+ hxg4 66. Nxg4 Ke6 67. Nf2 Kf5 68. Ng4 Nd7 69. Nh6+ Ke6 70. Ng4 Nf6 71. Nf2 Kf5 72. Nd3 Nd5+ 73. Kf2 Nf4 74. Nc5 Nd5 75. Nd3 Nf6 76. Ke3 Ke6 77. Nc5+ Kd5 78. Nd3 Kd6 79. Kf2 Ke6 80. Ke3 Kf5 81. Nf2 Nh5 82. Nd3 Nf4 83. Nf2 Ng2+ 84. Ke2 Nh4 85. Nd3 Nxf3 86. Nf2 g4 87. Ke3 Ng5 88. Nh1 Ne4 89. Ke2 Kf4 90. Kf1 Kf3 91. Kg1 g3 0-1

[Event "HUN-chT4 Chalupetzky 1819"]
[Site "Hunagry"]
[Date "2019.05.05"]
[Round "10.2"]
[White "Kovacs, Dezso"]
[Black "Nagy, Tibor2222"]
[Result "1-0"]
[WhiteElo "1823"]
[BlackElo "1715"]
[PlyCount "81"]
[EventDate "2018.10.14"]
[EventType "team-tourn"]
[EventRounds "10"]
[EventCountry "HUN"]
[SourceTitle "EXT 2020"]
[Source "ChessBase"]
[SourceDate "2019.10.17"]
[SourceVersion "1"]
[SourceVersionDate "2019.10.17"]
[SourceQuality "1"]
[WhiteTeam "Lovo"]
[BlackTeam "KSE Level"]
[WhiteTeamCountry "HUN"]
[BlackTeamCountry "HUN"]

1. c4 e5 2. Nc3 Nf6 3. g3 Be7 4. Bg2 c6 5. e4 d6 6. Nge2 0-0 7. 0-0 Nbd7 8. d3 Re8 9. a3 Nf8 10. h3 Be6 11. f4 exf4 12. Nxf4 Bd7 13. Kh2 Rb8 14. Be3 h6 15. Bxa7 Rc8 16. Be3 N8h7 17. Na4 c5 18. Nc3 Rb8 19. a4 Ng5 20. Qd2 Nfh7 21. Ncd5 Nf6 22. b3 b6 23. Rae1 Qc8 24. Nxf6+ Bxf6 25. h4 Nh7 26. Nd5 Qd8 27. Bf4 Be6 28. Ne3 g5 29. Qf2 gxf4 30. Qxf4 Bg7 31. Nf5 Bxf5 32. Qxf5 Qf6 33. Qd5 Qg6 34. Bh3 Be5 35. Rf3 Nf6 36. Qc6 Rec8 37. Bxc8 Qh5 38. Kg2 Qg6 39. Kh3 Qh5 40. Ref1 Qg6 41. Qc7 1-0

[Event "HUN-chT4 Chalupetzky 1718"]
[Site "Hungary"]
[Date "2018.02.25"]
[Round "6.1"]
[White "Fekete, Laszlo1111"]
[Black "Kovacs, Dezso"]
[Result "0-1"]
[WhiteElo "1763"]
[BlackElo "1808"]
[PlyCount "114"]
[EventDate "2017.10.15"]
[EventType "team-tourn"]
[EventRounds "7"]
[EventCountry "HUN"]
[SourceTitle "EXT 2019"]
[Source "ChessBase"]
[SourceDate "2018.10.10"]
[SourceVersion "1"]
[SourceVersionDate "2018.10.10"]
[SourceQuality "1"]
[WhiteTeam "Gyor Szechenyi II"]
[BlackTeam "Lovo"]
[WhiteTeamCountry "HUN"]
[BlackTeamCountry "HUN"]

1. e4 d5 2. exd5 Qxd5 3. Nc3 Qa5 4. d4 Nf6 5. Bc4 Bg4 6. Nge2 e6 7. 0-0 c6 8. h3 Bh5 9. Bd2 Qc7 10. Bf4 Bd6 11. Bxd6 Qxd6 12. Qd2 Nbd7 13. Rfe1 Nb6 14. Bd3 Bg6 15. Rad1 Bxd3 16. Qxd3 0-0 17. Ne4 Nxe4 18. Qxe4 Qd5 19. Qxd5 cxd5 20. b3 Rac8 21. c3 Rc7 22. Rd3 Rfc8 23. Re3 g6 24. g4 a5 25. a4 Nd7 26. g5 Kg7 27. Kg2 Rb8 28. Nf4 Nf8 29. Ne2 b5 30. axb5 Rxb5 31. Ra1 h6 32. h4 h5 33. Ra4 Rxb3 34. Rxa5 Nd7 35. Ra6 Rcb7 36. Rc6 R3b6 37. Rc8 Rb8 38. Rc7 R6b7 39. Rc6 Nb6 40. Kg3 Nc4 41. Rd3 Rb2 42. Nf4 R8b7 43. Rc5 Nd2 44. Rxd2 Rxd2 45. Kf3 Rc2 46. Ke3 Rb3 47. Ne2 Rbb2 48. Nf4 Rxf2 49. Rc7 Rxf4 50. Kxf4 Rg2 51. Ke5 Rg4 52. c4 Re4+ 53. Kd6 dxc4 54. Rxc4 Rxh4 55. Ke7 Rg4 56. Rc7 Rxg5 57. Ke8 Rf5 0-1

[Event "HUN-chT2 Szechenyi 1516"]
[Site "Hungary"]
[Date "2015.12.06"]
[Round "6.10"]
[White "Kovacs, Dezso"]
[Black "Kollarics, Jeno"]
[Result "0-1"]
[WhiteElo "1880"]
[BlackElo "1495"]
[PlyCount "146"]
[EventDate "2015.09.13"]
[EventType "team-tourn"]
[EventRounds "11"]
[EventCountry "HUN"]
[SourceTitle "CBM 170 Extra"]
[Source "ChessBase"]
[SourceDate "2016.02.25"]
[SourceVersion "1"]
[SourceVersionDate "2016.02.25"]
[SourceQuality "1"]
[WhiteTeam "Lovo"]
[BlackTeam "Zala Volan"]
[WhiteTeamCountry "HUN"]
[BlackTeamCountry "HUN"]

1. c4 Nf6 2. Nc3 e6 3. g3 Bb4 4. Bg2 0-0 5. e3 a6 6. Nge2 c6 7. a3 Be7 8. 0-0 d5 9. b3 Nbd7 10. Bb2 Rb8 11. d4 h6 12. Qc2 Nh7 13. Rad1 f5 14. Nf4 Ndf6 15. Ng6 Re8 16. f3 Bd6 17. c5 Bc7 18. b4 Kf7 19. Ne5+ Bxe5 20. dxe5 Nd7 21. Ne2 Qc7 22. Qc3 b6 23. cxb6 Nxb6 24. Ba1 Nc4 25. Kh1 Nf8 26. e4 fxe4 27. fxe4+ Kg8 28. Nf4 Bb7 29. Nh5 Ng6 30. exd5 cxd5 31. Rde1 Rf8 32. Rxf8+ Rxf8 33. Qd4 Rf5 34. Nf4 Nxf4 35. gxf4 Nxa3 36. Qb2 Nb5 37. Qd2 Qc4 38. Bh3 Qxf4 39. Qxf4 Rxf4 40. Bxe6+ Kf8 41. Bd7 Ke7 42. e6 Rg4 43. h4 Rxh4+ 44. Kg2 Rxb4 45. Kg3 Nd6 46. Rf1 Ne4+ 47. Kh2 Nf6 48. Kg3 h5 49. Kh3 a5 50. Rf2 Ba6 51. Bb2 Rb3+ 52. Kh4 a4 53. Bxf6+ gxf6 54. Rg2 Kd6 55. Kxh5 Bb5 56. Bxb5 Rxb5 57. Re2 Ke7 58. Kg4 Ra5 59. Kf5 d4+ 60. Kf4 a3 61. Ra2 Kxe6 62. Ke4 Ra4 63. Ra1 a2 64. Kd3 Kd5 65. Kc2 Kc4 66. Kb2 d3 67. Rc1+ Kd4 68. Ka1 d2 69. Rh1 Ke5 70. Rd1 Rd4 71. Kxa2 Ke4 72. Kb3 Ke3 73. Kc3 Rd6 0-1

[Event "HUN-chT4 Chalupetzky 1516"]
[Site "Fertoszentmiklos"]
[Date "2015.11.15"]
[Round "2.1"]
[White "Kovacs, Dezso"]
[Black "Petrecz, Gyula"]
[Result "0-1"]
[WhiteElo "1858"]
[BlackElo "1758"]
[PlyCount "80"]
[EventDate "2015.10.11"]
[EventType "team-tourn"]
[EventRounds "7"]
[EventCountry "HUN"]
[SourceTitle "EXT 2017"]
[Source "ChessBase"]
[SourceDate "2016.10.25"]
[SourceVersion "1"]
[SourceVersionDate "2016.10.25"]
[SourceQuality "1"]
[WhiteTeam "Lovo II"]
[BlackTeam "Gonyu"]
[WhiteTeamCountry "HUN"]
[BlackTeamCountry "HUN"]

1. c4 e5 2. Nc3 Nf6 3. g3 d5 4. cxd5 Nxd5 5. Bg2 Nxc3 6. bxc3 c6 7. Rb1 Bc5 8. d3 0-0 9. Nf3 Qc7 10. 0-0 Be6 11. Qc2 Bb6 12. c4 c5 13. Ng5 Bf5 14. Ne4 Nc6 15. Nc3 Nd4 16. Qd1 Be6 17. Na4 Rfd8 18. Nb2 f6 19. Be3 Bd7 20. Bxd4 exd4 21. Bd5+ Kh8 22. Na4 Bc6 23. Bxc6 bxc6 24. Rb2 Rdb8 25. Qc2 Qd6 26. Rfb1 Bc7 27. Rb7 Rc8 28. R1b2 h5 29. Qb3 Qe5 30. Qd1 Kh7 31. Qf1 g5 32. Qg2 Kg6 33. Qxc6 h4 34. R2b5 hxg3 35. hxg3 Qxe2 36. Qd7 Qe1+ 37. Kg2 Rh8 38. Rb1 Rh2+ 39. Kf3 Rxf2+ 40. Kg4 Qe2+ 0-1

[Event "HUN-chT4a 1415"]
[Site "Hungary"]
[Date "2015.03.08"]
[Round "6.2"]
[White "Kiss, Balazs"]
[Black "Kovacs, Dezso"]
[Result "1-0"]
[WhiteElo "1969"]
[BlackElo "1897"]
[PlyCount "101"]
[EventDate "2014.10.19"]
[EventType "team-tourn"]
[EventRounds "7"]
[EventCountry "HUN"]
[SourceTitle "EXT 2016"]
[Source "ChessBase"]
[SourceDate "2015.10.08"]
[SourceVersion "1"]
[SourceVersionDate "2015.10.08"]
[SourceQuality "1"]

1. c4 c6 2. g3 e6 3. Bg2 d5 4. Nf3 Nd7 5. 0-0 Ngf6 6. b3 Be7 7. Bb2 0-0 8. d3 Qc7 9. Nc3 a6 10. Rc1 dxc4 11. dxc4 b6 12. Qc2 Bb7 13. Rfd1 Rad8 14. Ne4 Nxe4 15. Qxe4 c5 16. Qc2 Bf6 17. Rd2 Bxb2 18. Qxb2 Nf6 19. Rcd1 Bxf3 20. Bxf3 Rxd2 21. Qxd2 h6 22. Qd6 Qxd6 23. Rxd6 Rb8 24. a3 Kf8 25. b4 cxb4 26. axb4 a5 27. bxa5 bxa5 28. Ra6 Rc8 29. Bc6 Rc7 30. Bb5 Ne4 31. Rxa5 Nd6 32. Ra4 Ke7 33. Ba6 Ne4 34. Rb4 Nc5 35. Bb5 Kd6 36. f3 Ke5 37. e3 Kd6 38. Kf1 Nd3 39. Ra4 Nc5 40. Ra8 Nb3 41. Ke2 Kc5 42. Kd3 Kd6 43. Ra6+ Ke5 44. Kc3 Nc5 45. Rc6 Rxc6 46. Bxc6 Kd6 47. Ba8 f6 48. h4 g5 49. f4 gxh4 50. gxh4 f5 51. Bf3 1-0

[Event "HUN-chT4 1314"]
[Site "Hungary"]
[Date "2014.05.04"]
[Round "10.3"]
[White "Kovacs, Dezso"]
[Black "Nagy, Istvan"]
[Result "1/2-1/2"]
[WhiteElo "1923"]
[BlackElo "1879"]
[PlyCount "56"]
[EventDate "2013.10.13"]
[EventType "team-tourn"]
[EventRounds "11"]
[EventCountry "HUN"]
[SourceTitle "EXT 2016"]
[Source "ChessBase"]
[SourceDate "2015.10.08"]
[SourceVersion "1"]
[SourceVersionDate "2015.10.08"]
[SourceQuality "1"]

1. c4 g6 2. Nc3 Bg7 3. g3 c5 4. Bg2 Nc6 5. d3 Nf6 6. e4 0-0 7. Nge2 d6 8. 0-0 Bd7 9. h3 Qc8 10. Kh2 a6 11. Rb1 Rb8 12. Nd5 Nxd5 13. cxd5 Nd4 14. Bf4 b5 15. b3 b4 16. Rc1 Qd8 17. Be3 Nb5 18. d4 cxd4 19. Bxd4 Bxd4 20. Nxd4 Nc3 21. Qd2 Qb6 22. Rc2 e5 23. dxe6 fxe6 24. Re1 e5 25. Nf3 Rf7 26. Ng1 Rbf8 27. f3 Bb5 28. a3 a5 1/2-1/2

[Event "HUN-chT2 Szechenyi 1314"]
[Site "Hungary"]
[Date "2014.04.13"]
[Round "10.5"]
[White "Kovacs, Dezso"]
[Black "Toth, Tibor2222"]
[Result "1/2-1/2"]
[WhiteElo "1924"]
[BlackElo "1936"]
[PlyCount "84"]
[EventDate "2013.09.08"]
[EventType "team-tourn"]
[EventRounds "11"]
[EventCountry "HUN"]
[SourceTitle "EXT 2016"]
[Source "ChessBase"]
[SourceDate "2015.10.08"]
[SourceVersion "1"]
[SourceVersionDate "2015.10.08"]
[SourceQuality "1"]
[WhiteTeam "Lovo"]
[BlackTeam "Szombathely Haladas III"]
[WhiteTeamCountry "HUN"]
[BlackTeamCountry "HUN"]

1. c4 c5 2. Nc3 Nc6 3. g3 g6 4. Bg2 Bg7 5. d3 b6 6. e4 Bb7 7. Nge2 d6 8. 0-0 Nf6 9. f4 Nd7 10. a3 0-0 11. Rb1 a5 12. h3 Rb8 13. Be3 e5 14. f5 Nd4 15. Bxd4 exd4 16. Nb5 Ne5 17. b4 axb4 18. axb4 Bc6 19. bxc5 bxc5 20. fxg6 hxg6 21. Nf4 Qd7 22. Na3 Bh6 23. Nd5 Bxd5 24. exd5 Rxb1 25. Qxb1 Be3+ 26. Kh1 Kg7 27. Nc2 Bg5 28. Qd1 Rh8 29. Qe2 Ra8 30. Ne1 Ra1 31. Nf3 Rxf1+ 32. Bxf1 Bf6 33. Nxe5 Bxe5 34. Kg2 Qa4 35. h4 Qa1 36. Qf3 Qe1 37. Qf2 Qc1 38. Qe2 f5 39. Qf3 Qe1 40. Be2 f4 41. gxf4 Bxf4 42. Qf2 Qd2 1/2-1/2

[Event "HUN-chT2 Szechenyi 1314"]
[Site "Hungary"]
[Date "2014.03.02"]
[Round "8.9"]
[White "Kovacs, Dezso"]
[Black "Kiss, Laszlo3333"]
[Result "1-0"]
[WhiteElo "1924"]
[BlackElo "1687"]
[PlyCount "115"]
[EventDate "2013.09.08"]
[EventType "team-tourn"]
[EventRounds "11"]
[EventCountry "HUN"]
[SourceTitle "EXT 2016"]
[Source "ChessBase"]
[SourceDate "2015.10.08"]
[SourceVersion "1"]
[SourceVersionDate "2015.10.08"]
[SourceQuality "1"]
[WhiteTeam "Lovo"]
[BlackTeam "Arboretum"]
[WhiteTeamCountry "HUN"]
[BlackTeamCountry "HUN"]

1. c4 e5 2. Nc3 Nf6 3. g3 Nc6 4. Bg2 Bc5 5. d3 0-0 6. e3 Re8 7. a3 a5 8. Nge2 d6 9. 0-0 Be6 10. e4 Qc8 11. Bg5 Nd7 12. h3 Ndb8 13. Kh2 Nd4 14. Rb1 Nbc6 15. Nxd4 Nxd4 16. b4 axb4 17. axb4 Bb6 18. Na4 Bd7 19. Nxb6 cxb6 20. b5 Ra3 21. Be3 Qc5 22. Qd2 Rea8 23. Rb2 Ra1 24. Rxa1 Rxa1 25. Ra2 Rxa2 26. Qxa2 h6 27. Qa7 Qc7 28. g4 Bc8 29. Kh1 Kh7 30. Bf1 Bd7 31. Kg2 Bc8 32. f4 f6 33. f5 Bd7 34. h4 Bc8 35. Bf2 Bd7 36. Qa4 Bc8 37. Qa8 Qc5 38. Qb8 Kg8 39. Qa7 Kf7 40. Qa4 Ke7 41. Be3 Kf7 42. Qd1 Qc7 43. g5 hxg5 44. hxg5 fxg5 45. Qh5+ Kg8 46. Qe8+ Kh7 47. Bxg5 Qd7 48. Qxd7 Bxd7 49. Be7 d5 50. Bd6 dxe4 51. dxe4 Nxf5 52. exf5 Bxf5 53. Bxe5 g5 54. Bd4 Kg6 55. Kg3 Be4 56. Bxb6 Kf5 57. Bd4 g4 58. Be2 1-0

[Event "HUN-chT4 1314"]
[Site "Hungary"]
[Date "2014.02.09"]
[Round "7.3"]
[White "Kovacs, Dezso"]
[Black "Petrecz, Gyula"]
[Result "1-0"]
[WhiteElo "1923"]
[BlackElo "1743"]
[PlyCount "101"]
[EventDate "2013.10.13"]
[EventType "team-tourn"]
[EventRounds "11"]
[EventCountry "HUN"]
[SourceTitle "EXT 2016"]
[Source "ChessBase"]
[SourceDate "2015.10.08"]
[SourceVersion "1"]
[SourceVersionDate "2015.10.08"]
[SourceQuality "1"]

1. c4 Nf6 2. Nc3 e5 3. g3 Bc5 4. Bg2 a6 5. e3 Nc6 6. Nge2 0-0 7. a3 d6 8. 0-0 Bf5 9. d3 Rb8 10. b4 Ba7 11. Rb1 Ne7 12. e4 Bg4 13. h3 Bh5 14. Bg5 Ne8 15. Kh2 f6 16. Bd2 Nc6 17. g4 Bg6 18. f4 Nd4 19. f5 Bf7 20. Ng3 c6 21. h4 h6 22. Kh3 Nc7 23. g5 hxg5 24. hxg5 fxg5 25. Qg4 Ne8 26. Bxg5 Nf6 27. Qh4 Be8 28. Rh1 b5 29. cxb5 cxb5 30. Nd5 Bc6 31. Bxf6 Rxf6 32. Nxf6+ Qxf6 33. Kg4 Qxh4+ 34. Rxh4 Bb6 35. Rbh1 Kf7 36. Rh7 Bd8 37. Rh8 Ra8 38. Nh5 a5 39. Nxg7 Bf6 40. Rxa8 Bxa8 41. Nh5 axb4 42. axb4 Nc2 43. Nxf6 Kxf6 44. Rb1 Ne3+ 45. Kf3 Nxg2 46. Kxg2 Kg5 47. Kf3 d5 48. Ra1 dxe4+ 49. dxe4 Bc6 50. Ra6 Be8 51. Re6 1-0

[Event "HUN-chT4 1314"]
[Site "Hungary"]
[Date "2013.11.24"]
[Round "4.2"]
[White "Kovacs, Dezso"]
[Black "Nagy, Tamas"]
[Result "1/2-1/2"]
[WhiteElo "1923"]
[BlackElo "1734"]
[PlyCount "44"]
[EventDate "2013.10.13"]
[EventType "team-tourn"]
[EventRounds "11"]
[EventCountry "HUN"]
[SourceTitle "EXT 2016"]
[Source "ChessBase"]
[SourceDate "2015.10.08"]
[SourceVersion "1"]
[SourceVersionDate "2015.10.08"]
[SourceQuality "1"]

1. c4 e5 2. Nc3 Nc6 3. g3 g6 4. Bg2 Bg7 5. d3 f5 6. f4 d6 7. e3 Nf6 8. Nf3 0-0 9. a3 a5 10. Bd2 Re8 11. 0-0 exf4 12. exf4 Ng4 13. h3 Ne3 14. Bxe3 Rxe3 15. Qd2 Re8 16. Rae1 Nd4 17. Kh2 c6 18. Rxe8+ Qxe8 19. Re1 Qf7 20. Qe2 Bf6 21. Nd1 Bd7 22. b4 axb4 1/2-1/2

[Event "HUN-chT4 1112"]
[Site "Hungary"]
[Date "2012.03.18"]
[Round "8.3"]
[White "Kovacs, Dezso"]
[Black "Farkas, Gyula"]
[Result "0-1"]
[WhiteElo "1958"]
[BlackElo "2193"]
[PlyCount "82"]
[EventDate "2011.09.11"]
[EventType "team-tourn"]
[EventRounds "9"]
[EventCountry "HUN"]
[SourceTitle "EXT 2016"]
[Source "ChessBase"]
[SourceDate "2015.10.08"]
[SourceVersion "1"]
[SourceVersionDate "2015.10.08"]
[SourceQuality "1"]

1. c4 e5 2. Nc3 Nc6 3. g3 g6 4. Bg2 Bg7 5. d3 f5 6. e4 d6 7. Nge2 Nf6 8. 0-0 0-0 9. h3 Be6 10. f4 fxe4 11. Nxe4 Nxe4 12. dxe4 Bxc4 13. Qc2 Bxe2 14. Qxe2 exf4 15. Bxf4 Kh8 16. Rac1 Nd4 17. Qd2 c5 18. b3 Qe7 19. Kh2 Rae8 20. Rce1 b6 21. Rd1 Qe6 22. Qd3 h6 23. Be3 Kh7 24. Bxd4 Bxd4 25. Rf3 Be5 26. Rdf1 Rxf3 27. Qxf3 Kg7 28. Qd3 Qe7 29. Qf3 h5 30. Kg1 b5 31. Qd3 a6 32. Rf3 h4 33. gxh4 Qxh4 34. Qf1 Re7 35. Qd3 Rc7 36. Qc2 Qe1+ 37. Bf1 c4 38. Kg2 c3 39. Rf2 Qe3 40. Bd3 Bd4 41. Rf1 Qg5+ 0-1

[Event "HUN-chT4 1112"]
[Site "Hungary"]
[Date "2011.12.18"]
[Round "4.1"]
[White "Kovacs, Dezso"]
[Black "Gyurkovics, Bence"]
[Result "0-1"]
[WhiteElo "1958"]
[BlackElo "2188"]
[PlyCount "78"]
[EventDate "2011.09.11"]
[EventType "team-tourn"]
[EventRounds "9"]
[EventCountry "HUN"]
[SourceTitle "EXT 2016"]
[Source "ChessBase"]
[SourceDate "2015.10.08"]
[SourceVersion "1"]
[SourceVersionDate "2015.10.08"]
[SourceQuality "1"]

1. c4 Nf6 2. Nc3 e6 3. d4 Bb4 4. a3 Bxc3+ 5. bxc3 c5 6. Qc2 Nc6 7. e3 0-0 8. Nf3 d6 9. Bd3 e5 10. d5 Ne7 11. 0-0 Re8 12. e4 Ng6 13. Ne1 Nh5 14. g3 Bh3 15. Ng2 Qd7 16. f3 Rf8 17. Rf2 Bxg2 18. Kxg2 Ne7 19. f4 exf4 20. Bxf4 Nxf4+ 21. Rxf4 Ng6 22. Rf2 Ne5 23. h3 Rae8 24. a4 Re7 25. Bf1 Rfe8 26. Rb1 Ng6 27. Bd3 Re5 28. Rbf1 R8e7 29. Rf5 Qe8 30. Rxe5 Nxe5 31. Be2 Nd7 32. Bd3 Nf6 33. Re1 Re5 34. Re2 h6 35. Re3 Qd7 36. Rf3 Qe7 37. Re3 Rg5 38. Rf3 Qe5 39. Rf5 Qxg3+ 0-1